000 00452nam a2200157Ia 4500
008 210716s2013 xx 000 0 und d
020 _a9789350972663
041 _aeng
082 _a331.8 SARA
100 _aSarma, A M.
245 _aIndustrial relations: conceptual and legal framework.
_bConceptual and legal framework.
250 _a1
260 _aNew Delhi
_bHimalaya Publishing House
_c2013
300 _a485
650 _aIndustrial Relations
999 _c210125
_d210125